01239nam a22003137i 4500003000900000005001700009007000300026008004100029020001800070040003100088082000700119100004100126245008600167250002300253264007400276300002900350336002600379337003500405338002900440500005700469500003000526504002800556590002700584700004500611942001400656952011600670952012200786999001700908DO-SdBNP20240412132238.0ta240412b2023 dr ||||| |||| 00| 0 spa d a9789945648331 aDO-SdBNPbspacBNPHU erda 42221 aEncarnación Ventura, Carlos98521110aHazte rico ahora /cCarlos Encarnación Ventura ; prólogo Oscar Díaz Báez. aPrimera edición  1aSanto Domingo, República Dominicana :bEditorial Santuario, c2023. a207 páginas ;c23 cm.  2rdacontetatextobtxt 2rdamedia asin mediación bn 2rdacarrieravolumen bnc aIncluye datos biográficos del autor en las solapas aDiez claves para lograrlo aBibliografía : p. 207 aInventariado, 2024 /LP1 aDíaz Báez, Oscar,eprólogo 985212 2ddccLBS1 00102ddc51708PDaBNPHUbBNPHUcCTd2023-12-01eDepósito Legall0p2024-2162r2024-04-12w2024-04-12yLBS1 00102ddc51708PDaBNPHUbBNPHUcCTd2023-12-01eDepósito Legall0p2024-2163r2024-04-12te. 2w2024-04-12yLBS1 c56373d56373